[Event "TUR-chT 1st League"]
[Site "Denizli"]
[Date "2023.07.13"]
[Round "7.85"]
[White "Ercan, Hilal"]
[Black "Ciftci, Zeynep"]
[Result "0-1"]
[WhiteElo "1360"]
[BlackElo "2143"]
[PlyCount "86"]
[EventDate "2023.07.09"]
[EventType "team-swiss"]
[EventRounds "9"]
[EventCountry "TUR"]
[SourceTitle "CBM 215 Extra"]
[Source "ChessBase"]
[SourceDate "2023.09.30"]
[SourceVersion "1"]
[SourceVersionDate "2023.09.30"]
[SourceQuality "1"]
[WhiteTeam "Salihli Sardes"]
[BlackTeam "Karsiyaka Ihtisas"]
[WhiteTeamCountry "TUR"]
[BlackTeamCountry "TUR"]

1. e4 c5 2. Nf3 e6 3. d4 cxd4 4. Nxd4 Nc6 5. Nc3 Qc7 6. Be3 a6 7. Be2 Nf6 8. 0-0 b5 9. a3 Bb7 10. Kh1 Ne5 11. f3 Be7 12. Qe1 0-0 13. Rd1 Ng6 14. Bc1 Rac8 15. Bd3 Bc5 16. Nde2 Ba7 17. Ng3 d5 18. f4 dxe4 19. Ncxe4 Nxe4 20. Nxe4 f5 21. Ng5 Rf6 22. Qg3 Nf8 23. Be3 Bxe3 24. Qxe3 h6 25. Nf3 Ng6 26. Ne1 Re8 27. Qg3 Bc6 28. Be2 e5 29. fxe5 Nxe5 30. Bh5 f4 31. Qc3 Ree6 32. Nf3 Nc4 33. Nd4 Re3 34. Rd3 Qe5 35. Nxc6 Qxh5 36. Rxe3 fxe3 37. Ne7+ Kf7 38. Re1 Kxe7 39. b3 Qe5 40. Qb4+ Nd6 41. Qa5 e2 42. Qc7+ Ke6 43. Qc5 Qd4 0-1

[Event "TUR-chT 1st League"]
[Site "Denizli"]
[Date "2023.07.12"]
[Round "5.75"]
[White "Acar, Ilayda"]
[Black "Ercan, Hilal"]
[Result "0-1"]
[WhiteElo "1579"]
[BlackElo "1360"]
[PlyCount "116"]
[EventDate "2023.07.09"]
[EventType "team-swiss"]
[EventRounds "9"]
[EventCountry "TUR"]
[SourceTitle "CBM 215 Extra"]
[Source "ChessBase"]
[SourceDate "2023.09.30"]
[SourceVersion "1"]
[SourceVersionDate "2023.09.30"]
[SourceQuality "1"]
[WhiteTeam "Karaman Saglik"]
[BlackTeam "Salihli Sardes"]
[WhiteTeamCountry "TUR"]
[BlackTeamCountry "TUR"]

1. e4 e5 2. Bc4 Nc6 3. d3 d6 4. Nc3 Na5 5. Bb3 Nxb3 6. axb3 g6 7. f4 Bg7 8. Nf3 Ne7 9. 0-0 0-0 10. fxe5 dxe5 11. Qe1 Nc6 12. Qg3 h6 13. Kh1 Be6 14. Bd2 Qe7 15. Ne2 Kh7 16. h4 Bh8 17. Qh2 f5 18. h5 g5 19. exf5 Bxf5 20. Ng3 Bg4 21. Ne4 Bxf3 22. gxf3 Nd4 23. Qg2 Qf7 24. Qg4 Qf5 25. Qg3 c6 26. Nd6 Qd7 27. Nc4 Qe8 28. Qg4 Nxc2 29. Nd6 Qe7 30. Qe4+ Kg8 31. Qc4+ Kg7 32. Bb4 Nxb4 33. Qxb4 Qe6 34. Qxb7+ Kg8 35. Qxc6 Rad8 36. Nc8 Qxc8 37. Qg6+ Bg7 38. Rxa7 Qh3+ 39. Kg1 Rd7 40. Rxd7 Qxd7 41. Kg2 Qf7 42. Qxf7+ Rxf7 43. Rc1 Rb7 44. Rc3 Kf7 45. Kf2 e4 46. Rc4 exd3 47. b4 Re7 48. Re4 Rxe4 49. fxe4 Bxb2 50. Ke3 Bc3 51. Kxd3 Bxb4 52. Ke3 Bc5+ 53. Kf3 Kf6 54. Kg4 Ke5 55. Kf3 Bb6 56. Kg3 Kxe4 57. Kg4 Bc7 58. Kh3 Ke5 0-1

[Event "TUR-ch U13/18 Girls"]
[Site "Antalya"]
[Date "2023.01.27"]
[Round "8"]
[White "Engel, Ecrin Tuana"]
[Black "Ercan, Hilal"]
[Result "1-0"]
[WhiteElo "1280"]
[BlackElo "1274"]
[PlyCount "99"]
[EventDate "2023.01.17"]
[EventType "swiss"]
[EventRounds "9"]
[EventCountry "TUR"]
[SourceTitle "EXT 2024"]
[Source "ChessBase"]
[SourceDate "2023.10.10"]
[SourceVersion "1"]
[SourceVersionDate "2023.10.10"]
[SourceQuality "1"]

1. e4 e5 2. Nf3 Nc6 3. d4 exd4 4. Nxd4 Nf6 5. Nxc6 bxc6 6. e5 Qe7 7. Qe2 Nd5 8. c4 Nb6 9. b3 g6 10. f4 Bg7 11. Ba3 Qe6 12. Nd2 Bf8 13. Bxf8 Kxf8 14. 0-0-0 d5 15. exd6 Qxe2 16. Bxe2 cxd6 17. Bf3 d5 18. cxd5 Nxd5 19. Bxd5 cxd5 20. Nb1 Bb7 21. Rd4 Rc8+ 22. Kb2 Kg7 23. Nc3 Rhe8 24. Rhd1 Re3 25. Nb5 Rc5 26. Na3 Rc8 27. Nc2 Re2 28. R1d2 Rce8 29. g3 Kf6 30. Kc1 Rxd2 31. Kxd2 Re4 32. Kd3 Ke6 33. Rb4 Rxb4 34. Nxb4 h6 35. Kd4 f6 36. Nd3 Kd6 37. Nc5 Bc8 38. Na4 Bd7 39. Nc3 Bc6 40. b4 a6 41. a4 h5 42. b5 axb5 43. Nxb5+ Ke6 44. Kc5 Kd7 45. Nc3 Bxa4 46. Nxa4 Ke6 47. Nc3 g5 48. Nxd5 h4 49. Ne3 hxg3 50. hxg3 1-0

[Event "TUR-chT 1st League"]
[Site "Konya"]
[Date "2019.07.23"]
[Round "2.7"]
[White "Ercan, Hilal"]
[Black "Velikic, Adela"]
[Result "0-1"]
[WhiteElo "1032"]
[BlackElo "2306"]
[PlyCount "90"]
[EventDate "2019.07.22"]
[EventType "team-swiss"]
[EventRounds "9"]
[EventCountry "TUR"]
[SourceTitle "CBM 191 Extra"]
[Source "ChessBase"]
[SourceDate "2019.09.30"]
[SourceVersion "1"]
[SourceVersionDate "2019.09.30"]
[SourceQuality "1"]
[WhiteTeam "Salihli Sardes"]
[BlackTeam "Olbia Satranc"]
[WhiteTeamCountry "TUR"]
[BlackTeamCountry "TUR"]

1. e4 c5 2. Nf3 d6 3. Bb5+ Nd7 4. d4 cxd4 5. Qxd4 a6 6. Bxd7+ Bxd7 7. 0-0 e5 8. Qd3 Rc8 9. c4 b5 10. b3 Qc7 11. Na3 Qb7 12. Bb2 Nf6 13. Nd2 Be7 14. f3 0-0 15. Rfe1 Nh5 16. g3 f5 17. Qd5+ Qxd5 18. exd5 Bd8 19. Bc3 Bb6+ 20. Kg2 g5 21. Rf1 Nf6 22. Rae1 Nxd5 23. cxd5 Rxc3 24. Rc1 Rfc8 25. Rcd1 Bc5 26. Ndb1 Bxa3 27. Nxa3 b4 28. Nb1 Rc2+ 29. Rf2 Bb5 30. Rdd2 Rxd2 31. Rxd2 Rc1 32. Rb2 Bd3 33. Nd2 Rc5 34. Nc4 Bxc4 35. bxc4 Rxc4 36. Rd2 Rd4 37. Rxd4 exd4 38. Kf2 a5 39. Ke2 a4 40. Kd2 b3 41. a3 f4 42. Kd3 Kf7 43. g4 Kf6 44. h3 Ke5 45. Kd2 Kxd5 0-1